00226pab a2200085 454500008003600000100001800036245004400054650001700098773002500115180718b xxu||||| |||| 00| 0 eng d aNanda, Antara aNo ddvelopment without water management aWater Supply aFinancial Management